[Event "XXVIII Festival A"]
[Site "Arco ITA"]
[Date "2006.10.22"]
[Round "2"]
[White "Bronznik, Valerij"]
[Black "Savarese, Vincenzo"]
[Result "1-0"]
[WhiteElo "2391"]
[BlackElo "1865"]
[PlyCount "69"]
[EventDate "2006.10.21"]

1. d4 d5 2. c4 dxc4 3. Nf3 a6 4. e3 b5 5. a4 Bb7 6. b3 cxb3 7. axb5 axb5 8.
Bxb5+ Nd7 9. Rxa8 Bxa8 10. O-O e6 11. Ne5 Ngf6 12. Qxb3 Bd6 13. Qa4 c6 14. Bxc6
Bxc6 15. Nxc6 Qc7 16. Qa8+ Nb8 17. Qxb8+ Qxb8 18. Nxb8 Bxb8 19. Ba3 Kd7 20. Nc3
Rc8 21. Na4 Rc2 22. Nc5+ Kc6 23. e4 Ba7 24. Nd3 Kd7 25. Ne5+ Kc7 26. Nxf7 Bxd4
27. Ng5 Kd7 28. Rd1 e5 29. Nf3 Ke6 30. Rxd4 Ra2 31. Rd6+ Kf7 32. Nxe5+ Ke8 33.
Bc1 Ra1 34. Rd1 Nxe4 35. Re1 1-0

[Event "XXVIII Festival A"]
[Site "Arco ITA"]
[Date "2006.10.22"]
[Round "2"]
[White "Castellano, Alfonso"]
[Black "Buck, Klaus-Michael"]
[Result "1-0"]
[WhiteElo "1926"]
[BlackElo "1665"]
[PlyCount "69"]
[EventDate "2006.10.21"]

1. c4 Nf6 2. Nc3 c6 3. e4 d6 4. Nf3 Bg4 5. Be2 Bxf3 6. Bxf3 Nbd7 7. d4 e5 8.
Be3 Be7 9. O-O O-O 10. Qd2 a6 11. a4 Rc8 12. a5 exd4 13. Bxd4 c5 14. Be3 Ne5
15. Be2 Nc6 16. f4 Nxa5 17. Bd3 Nb3 18. Qc2 Nxa1 19. Rxa1 Nd7 20. Rf1 Re8 21.
e5 g6 22. e6 Nf8 23. exf7+ Kxf7 24. f5 Bf6 25. fxg6+ hxg6 26. Nd5 Re6 27. Bg5
Nd7 28. Bxg6+ Kg7 29. Bxf6+ Rxf6 30. Nxf6 Nxf6 31. Qf5 Rc7 32. Qg5 Qe7 33. Be4+
Kh8 34. Rxf6 Qxe4 35. Qh6+ 1-0

[Event "XXVIII Festival A"]
[Site "Arco ITA"]
[Date "2006.10.22"]
[Round "2"]
[White "Catalano, Luigi"]
[Black "Bossoni, Mario"]
[Result "0-1"]
[WhiteElo "1808"]
[BlackElo "1970"]
[PlyCount "112"]
[EventDate "2006.10.21"]

1. e4 c5 2. c4 Nc6 3. Nf3 d6 4. h3 Nf6 5. d3 g6 6. b3 Bg7 7. Bb2 O-O 8. Nbd2
Qa5 9. a3 e5 10. Be2 Nh5 11. Rc1 f5 12. Bc3 Qd8 13. exf5 Nf4 14. fxg6 hxg6 15.
Bf1 Bf5 16. Ne4 Bxe4 17. dxe4 Qf6 18. g3 Ne6 19. Bg2 Ned4 20. Bxd4 exd4 21. O-O
Rae8 22. Ne1 Qd8 23. Nd3 Kh7 24. Nf4 Bh6 25. Nd5 Bxc1 26. Qxc1 Ne7 27. Nf4 Ng8
28. Qd2 Nf6 29. Qd3 Rg8 30. g4 Nd7 31. Qg3 g5 32. Nd5 Nf6 33. Nxf6+ Qxf6 34.
Qd3 Kh8 35. Qd2 Ref8 36. Qd3 Qe5 37. Qd2 Rf4 38. f3 Rg7 39. Qd3 b6 40. b4 Rb7
41. Re1 Rff7 42. Kf2 a6 43. Qd2 b5 44. cxb5 axb5 45. h4 c4 46. hxg5 Rf4 47.
Rh1+ Rh7 48. Rxh7+ Kxh7 49. Ke1 d3 50. Qe3 Qxg5 51. Qd4 Rf7 52. Qc3 Qe3+ 53.
Kf1 Qe2+ 54. Kg1 d2 55. e5 d1=Q+ 56. Kh2 Qxe5+ 0-1

[Event "XXVIII Festival A"]
[Site "Arco ITA"]
[Date "2006.10.22"]
[Round "2"]
[White "Cottarelli, Franco"]
[Black "Stolfa, Rodolfo"]
[Result "0-1"]
[WhiteElo "1958"]
[BlackElo "1754"]
[PlyCount "40"]
[EventDate "2006.10.21"]

1. e4 e5 2. Nf3 Nc6 3. Bb5 Nf6 4. d4 exd4 5. O-O d6 6. Nxd4 Bd7 7. Bg5 Ne5 8.
Bxf6 Qxf6 9. Nc3 c6 10. f4 Ng4 11. e5 Qh4 12. Nf3 Qh5 13. Bc4 O-O-O 14. Qe1
dxe5 15. h3 Bc5+ 16. Kh1 Ne3 17. Nxe5 Bxh3 18. Be2 Bxg2+ 19. Kg1 Qh1+ 20. Kf2
Nxf1# 0-1

[Event "XXVIII Festival A"]
[Site "Arco ITA"]
[Date "2006.10.22"]
[Round "2"]
[White "De Napoli, Giuseppe"]
[Black "Luciani, Valerio"]
[Result "0-1"]
[WhiteElo "2032"]
[BlackElo "2229"]
[PlyCount "120"]
[EventDate "2006.10.21"]

1. d4 d5 2. c4 dxc4 3. Nc3 a6 4. a4 Nf6 5. e3 e6 6. Bxc4 Nbd7 7. Nf3 c5 8. O-O
Qc7 9. Bb3 Bd6 10. h3 O-O 11. e4 cxd4 12. Nxd4 Bc5 13. Nf3 b6 14. Qe2 Bb7 15.
Bd2 Rac8 16. Rac1 Qb8 17. Ba2 Qa8 18. Bb1 e5 19. Rfe1 Rfe8 20. Nh4 g6 21. Qf3
Bf8 22. Ba2 Bg7 23. g4 Rf8 24. Kh2 Rxc3 25. Bxc3 Nxe4 26. Qe3 Bf6 27. Nf3 Nxc3
28. Rxc3 Bxf3 29. Qxf3 e4 30. Qxe4 Qxe4 31. Rxe4 Bxc3 32. bxc3 Nc5 33. Rf4 Kg7
34. Kg2 f6 35. Rb4 Rb8 36. Rd4 Rb7 37. Kf3 Kf8 38. Bb1 Ke7 39. Bc2 Rc7 40. Rc4
Kd6 41. Rd4+ Ke7 42. Rc4 b5 43. axb5 axb5 44. Rb4 Ne6 45. Kg2 Rxc3 46. Bb1 Rc5
47. Bd3 Nc7 48. h4 Kd6 49. h5 gxh5 50. Bxh7 hxg4 51. Rxg4 Nd5 52. Rd4 Rc4 53.
Rxc4 bxc4 54. Kf3 Ke5 55. Ke2 Kd4 56. Bf5 c3 57. Bc2 Nb4 58. Bg6 Ke5 59. Ke3
Nd5+ 60. Kf3 f5 0-1

[Event "XXVIII Festival A"]
[Site "Arco ITA"]
[Date "2006.10.22"]
[Round "2"]
[White "Diotallevi, Maurizio"]
[Black "Mora, Massimo"]
[Result "1/2-1/2"]
[WhiteElo "2154"]
[BlackElo "1847"]
[PlyCount "93"]
[EventDate "2006.10.21"]

1. d4 Nf6 2. Bg5 c5 3. Bxf6 gxf6 4. c3 d5 5. Nf3 Qb6 6. Qb3 Nc6 7. e3 Bf5 8.
Na3 Qxb3 9. axb3 cxd4 10. exd4 e5 11. Bb5 e4 12. Nh4 Bd7 13. Nc2 Rg8 14. Ne3
Be6 15. g3 Bh6 16. Nhf5 Bf8 17. h4 Kd7 18. Kd2 Bxf5 19. Nxf5 Ke6 20. Ne3 f5 21.
Bxc6 bxc6 22. Ra6 Rc8 23. b4 Bh6 24. Rxa7 f4 25. gxf4 Bxf4 26. Ke2 Bxe3 27.
Kxe3 Rg2 28. Rha1 Rh2 29. R1a6 Rxh4 30. b5 Rh3+ 31. Ke2 Kd6 32. Rxf7 Ke6 33.
Rg7 Kd6 34. b6 Rf3 35. Rxh7 Rcf8 36. Rh6+ Kd7 37. Ra7+ Kc8 38. Ra8+ Kb7 39.
Rxf8 Rxf8 40. Rh3 Kxb6 41. b3 Kb5 42. f3 exf3+ 43. Rxf3 Ra8 44. Rf1 Ra2+ 45.
Kd3 Rb2 46. b4 Rh2 47. Rf3 1/2-1/2

[Event "XXVIII Festival A"]
[Site "Arco ITA"]
[Date "2006.10.22"]
[Round "2"]
[White "Ferrari, Michele"]
[Black "Di Lazzaro, Gabriele"]
[Result "0-1"]
[WhiteElo "1843"]
[BlackElo "1986"]
[PlyCount "84"]
[EventDate "2006.10.21"]

1. d4 d5 2. e3 Nf6 3. Bd3 c6 4. Nd2 Bg4 5. f3 Bf5 6. Ne2 Bg6 7. O-O Nbd7 8. f4
Bxd3 9. cxd3 e6 10. Ng3 Bd6 11. Nf3 Bc7 12. Bd2 O-O 13. Rc1 a5 14. Ne5 Qe7 15.
Be1 c5 16. Nh5 Nxh5 17. Qxh5 Nf6 18. Qh3 cxd4 19. exd4 Bb6 20. Nf3 Qd6 21. f5
Qf4 22. Bc3 Qxf5 23. Qh4 Qg4 24. Qe1 Nd7 25. Kh1 Rac8 26. h3 Qg6 27. Qe2 Qg3
28. Nh2 Bc7 29. Ng4 Qd6 30. Rce1 h5 31. Ne5 f6 32. Nf3 Rfe8 33. Qd2 b6 34. Qf2
Qg3 35. Qg1 Nf8 36. Re2 Ng6 37. Be1 Qd6 38. g3 e5 39. dxe5 Nxe5 40. Nd4 Nxd3
41. Nb5 Qd7 42. Rxe8+ Rxe8 0-1

[Event "XXVIII Festival A"]
[Site "Arco ITA"]
[Date "2006.10.22"]
[Round "2"]
[White "Fortunato, Vito"]
[Black "Niccoli, Paolo"]
[Result "1-0"]
[WhiteElo "1866"]
[BlackElo "1994"]
[PlyCount "55"]
[EventDate "2006.10.21"]

1. c4 Nf6 2. Nc3 d5 3. cxd5 Nxd5 4. g3 c5 5. Bg2 Nc7 6. Qb3 Nc6 7. Bxc6+ bxc6
8. d3 e5 9. Nf3 Bd6 10. O-O O-O 11. Ne4 Ne6 12. e3 Bc7 13. Rd1 Kh8 14. Qc2 Qe7
15. b3 f5 16. Ned2 f4 17. Ba3 fxe3 18. fxe3 Bd6 19. Rf1 Ba6 20. Nc4 e4 21. Nfd2
Qg5 22. Nxe4 Qh6 23. Nexd6 Ng5 24. Qe2 Bxc4 25. Rxf8+ Rxf8 26. Rf1 Nh3+ 27. Kg2
Rxf1 28. Qxf1 1-0

[Event "XXVIII Festival A"]
[Site "Arco ITA"]
[Date "2006.10.22"]
[Round "2"]
[White "Friedrich, Norbert"]
[Black "Ricci, Alfredo"]
[Result "1-0"]
[WhiteElo "2309"]
[BlackElo "2059"]
[PlyCount "79"]
[EventDate "2006.10.21"]

1. e4 c5 2. Nf3 Nc6 3. d4 cxd4 4. Nxd4 e5 5. Nb5 d6 6. c4 a6 7. N5c3 Nf6 8. Bd3
Be7 9. O-O O-O 10. Na3 Be6 11. Re1 Rc8 12. Bf1 Na5 13. Nd5 Bxd5 14. cxd5 b5 15.
Nc2 Qb6 16. Nb4 Nd7 17. a4 Nc5 18. Be3 Bf6 19. Nxa6 Qxa6 20. axb5 Qb6 21. b4
Nab3 22. bxc5 Nxc5 23. Qb1 Be7 24. Re2 Ra8 25. Rea2 Rxa2 26. Qxa2 Rb8 27. Qc4
Qb7 28. Bxc5 dxc5 29. Ra6 Rc8 30. Qa2 Qb8 31. Bc4 Bd6 32. Qa5 g6 33. b6 Kg7 34.
Bb5 c4 35. Bc6 Bc7 36. Ra8 Qxb6 37. Qxb6 Rxa8 38. Qb2 Ra6 39. g3 f6 40. Qb7 1-0

[Event "XXVIII Festival A"]
[Site "Arco ITA"]
[Date "2006.10.22"]
[Round "2"]
[White "Geske, Julian"]
[Black "Marini, Lucio"]
[Result "1-0"]
[WhiteElo "2148"]
[BlackElo "1902"]
[PlyCount "85"]
[EventDate "2006.10.21"]

1. e4 e6 2. d4 d5 3. Nd2 Nf6 4. e5 Nfd7 5. c3 c5 6. Bd3 Nc6 7. Ne2 Qb6 8. Nf3
cxd4 9. cxd4 Bb4+ 10. Bd2 Bxd2+ 11. Qxd2 Qb4 12. O-O Qxd2 13. Nxd2 a6 14. Rac1
O-O 15. f4 f6 16. exf6 Nxf6 17. h3 Bd7 18. a3 Rac8 19. Nb3 Nb8 20. Nc5 Rc7 21.
Rc3 Rfc8 22. Rfc1 Ne8 23. Nxb7 Rxb7 24. Rxc8 Bxc8 25. Rxc8 Kf7 26. Rc2 Nd6 27.
b4 g6 28. Kf2 h5 29. Ke3 Kf6 30. Nc1 g5 31. fxg5+ Kxg5 32. Nb3 Kf6 33. Nc5 Rb6
34. Kf4 Nb5 35. Bxb5 axb5 36. g4 hxg4 37. hxg4 Ke7 38. Rh2 Nc6 39. Rh7+ Ke8 40.
Nxe6 Ne7 41. Nc7+ Kd8 42. Rxe7 Rf6+ 43. Kg5 1-0

[Event "XXVIII Festival A"]
[Site "Arco ITA"]
[Date "2006.10.22"]
[Round "2"]
[White "Giaracuni, Claudio"]
[Black "Cracco, Pietro"]
[Result "1/2-1/2"]
[WhiteElo "1652"]
[BlackElo "2039"]
[PlyCount "56"]
[EventDate "2006.10.21"]

1. e4 e6 2. d4 d5 3. exd5 exd5 4. Bd3 Bd6 5. Qf3 Ne7 6. Ne2 c6 7. O-O Qc7 8.
Bf4 Nd7 9. Nd2 Nf6 10. Rfe1 O-O 11. c4 Ng6 12. Bxg6 hxg6 13. Bxd6 Qxd6 14. c5
Qc7 15. Ng3 Bg4 16. Qc3 Rfe8 17. f3 Bd7 18. Nb3 Rad8 19. Rxe8+ Rxe8 20. Re1 Qd8
21. Re3 Rxe3 22. Qxe3 Qe8 23. Qxe8+ Nxe8 24. Nc1 Nc7 25. b4 a6 26. a4 Kf8 27.
Kf2 Ke7 28. f4 Bg4 1/2-1/2

[Event "XXVIII Festival A"]
[Site "Arco ITA"]
[Date "2006.10.22"]
[Round "2"]
[White "Giuriato, Sergio"]
[Black "Prakken, Gerrit"]
[Result "0-1"]
[WhiteElo "2013"]
[BlackElo "2180"]
[PlyCount "120"]
[EventDate "2006.10.21"]

1. d4 f5 2. Nf3 Nf6 3. g3 g6 4. Bg2 Bg7 5. c4 O-O 6. O-O d6 7. Nc3 Qe8 8. b3 c6
9. Bb2 Na6 10. a3 e5 11. dxe5 dxe5 12. e4 f4 13. Qc2 fxg3 14. fxg3 Ng4 15. Rae1
Qe7 16. b4 Nc7 17. h3 Nh6 18. Nd1 Nf7 19. Bc3 Be6 20. Ne3 Rfe8 21. Kh2 Rad8 22.
Rd1 Bc8 23. Rxd8 Rxd8 24. Rd1 Ne6 25. Qb2 Rxd1 26. Nxd1 Qd7 27. Nf2 Nd4 28. c5
Qd8 29. Bd2 Qf6 30. Qc3 Be6 31. Nxd4 exd4 32. Qf3 Qxf3 33. Bxf3 Ne5 34. Be2 Kf8
35. Kg2 Ke7 36. Bf4 Nc4 37. Bc1 b6 38. cxb6 axb6 39. g4 Kd7 40. Nd3 Bf8 41. Kf3
Bd6 42. Bd1 Ne5+ 43. Nxe5+ Bxe5 44. Be2 Bb3 45. Bh6 c5 46. Bb5+ Kc7 47. h4 c4
48. Ke2 c3 49. Bd3 Kc6 50. h5 gxh5 51. gxh5 Bf7 52. b5+ Kc7 53. a4 Bxh5+ 54.
Ke1 Bf7 55. Kd1 Bb3+ 56. Bc2 Bc4 57. Kc1 d3 58. Bd1 Be6 59. Bh5 Bb3 60. Bd1 d2+
0-1

[Event "XXVIII Festival A"]
[Site "Arco ITA"]
[Date "2006.10.22"]
[Round "2"]
[White "Happel, Hendrik A."]
[Black "Agostini, Guillermo"]
[Result "1-0"]
[WhiteElo "2213"]
[BlackElo "2010"]
[PlyCount "69"]
[EventDate "2006.10.21"]

1. d4 Nf6 2. c4 d6 3. Nf3 g6 4. Nc3 Bg7 5. e4 O-O 6. Be2 e5 7. d5 a5 8. O-O Na6
9. Bg5 h6 10. Bh4 Nc5 11. Nd2 g5 12. Bg3 Nh7 13. Bg4 f5 14. Bxf5 Bxf5 15. exf5
Rxf5 16. Nde4 Nxe4 17. Nxe4 Nf6 18. Re1 Nxe4 19. Rxe4 Qe8 20. Rc1 b6 21. f3 Qg6
22. Qe2 Raf8 23. h3 h5 24. Qc2 Bh6 25. Rce1 Kh7 26. a3 Kh8 27. b4 Ra8 28. c5
Qe8 29. cxb6 cxb6 30. Rc4 Rf8 31. Rc6 Bg7 32. Rxd6 axb4 33. axb4 h4 34. Bxe5
Bxe5 35. Rh6+ 1-0

[Event "XXVIII Festival A"]
[Site "Arco ITA"]
[Date "2006.10.22"]
[Round "2"]
[White "Heinig, Wolfram"]
[Black "Crea, Vincenzo"]
[Result "1-0"]
[WhiteElo "2364"]
[BlackElo "2092"]
[PlyCount "37"]
[EventDate "2006.10.21"]

1. d4 d5 2. c4 c6 3. cxd5 cxd5 4. Nf3 Nf6 5. Nc3 Nc6 6. Bf4 a6 7. Rc1 e6 8. a3
Bd7 9. e3 Be7 10. Bd3 h6 11. h3 b5 12. O-O Na5 13. Nxb5 axb5 14. Bc7 Qc8 15.
Bxa5 Qb7 16. Qd2 Bd6 17. Bb4 Bxb4 18. Qxb4 Ra4 19. Qc5 1-0

[Event "XXVIII Festival A"]
[Site "Arco ITA"]
[Date "2006.10.22"]
[Round "2"]
[White "Huettemann, Ralf"]
[Black "Bortolotti, Silvano"]
[Result "1-0"]
[WhiteElo "1949"]
[BlackElo "1744"]
[PlyCount "83"]
[EventDate "2006.10.21"]

1. e4 e5 2. Nf3 Nc6 3. c3 d6 4. Bc4 Be7 5. b4 Nf6 6. d3 a6 7. a4 O-O 8. O-O Bg4
9. Be3 d5 10. exd5 Nxd5 11. Ra2 Kh8 12. Qb3 Bxf3 13. gxf3 Nxe3 14. fxe3 f5 15.
Bd5 Rb8 16. Rg2 Qd6 17. Nd2 Rfd8 18. e4 f4 19. Nc4 Qf6 20. Nb2 Na7 21. Qc2 c5
22. Qb3 cxb4 23. cxb4 Nc6 24. Nc4 Bxb4 25. Kh1 a5 26. Bxc6 bxc6 27. Qb2 Bd6 28.
Qc3 Bc7 29. Rfg1 g6 30. Rg5 Rd4 31. Nxa5 Bxa5 32. Qxa5 Rxd3 33. Rxe5 Rxf3 34.
Qc7 Rfb3 35. Re7 R3b7 36. Rxh7+ Kg8 37. Qxb7 Rxb7 38. Rxb7 c5 39. Rd1 f3 40. e5
Qg5 41. Rb8+ Kh7 42. Rd7+ 1-0

[Event "XXVIII Festival A"]
[Site "Arco ITA"]
[Date "2006.10.22"]
[Round "2"]
[White "Idili, Leonardo"]
[Black "Tomassoni, Leonardo"]
[Result "0-1"]
[WhiteElo "1710"]
[BlackElo "2020"]
[PlyCount "62"]
[EventDate "2006.10.21"]

1. d4 Nf6 2. c4 c5 3. d5 e6 4. Nc3 exd5 5. cxd5 d6 6. e4 g6 7. h3 a6 8. a4 Bg7
9. Nf3 O-O 10. Bd3 Re8 11. O-O Nbd7 12. Re1 Qc7 13. Bf4 Rb8 14. Nd2 Nh5 15. Bh2
Be5 16. g3 Ndf6 17. Bf1 Bd7 18. f4 Bd4+ 19. Kh1 Bf2 20. Re2 Bxg3 21. Rg2 Bxh2
22. Rxh2 Nxf4 23. Rf2 N6h5 24. Qf3 Rf8 25. Nc4 b5 26. axb5 axb5 27. Ne3 Qd8 28.
Ne2 Nxe2 29. Bxe2 Qh4 30. Kh2 Rbe8 31. Bd3 Bxh3 0-1

[Event "XXVIII Festival A"]
[Site "Arco ITA"]
[Date "2006.10.22"]
[Round "2"]
[White "Kaserer, Hans-Peter"]
[Black "Dalla Vecchia, Paolo"]
[Result "1-0"]
[WhiteElo "1989"]
[BlackElo "1802"]
[PlyCount "71"]
[EventDate "2006.10.21"]

1. d4 d5 2. c4 c6 3. Nf3 Nf6 4. Nc3 e6 5. Bg5 Nbd7 6. e3 Qa5 7. Nd2 dxc4 8.
Bxf6 Nxf6 9. Bxc4 Bb4 10. Qb3 b5 11. Be2 Nd5 12. Rc1 Bd7 13. O-O O-O 14. Nf3
Nxc3 15. bxc3 Ba3 16. Rb1 Rfc8 17. Ne5 Be8 18. Bf3 Rab8 19. Be4 c5 20. d5 c4
21. Qc2 f5 22. Bf3 Bd6 23. Nc6 Bxc6 24. dxc6 Qc7 25. g3 g6 26. Rfd1 e5 27. Bd5+
Kg7 28. Be6 Rd8 29. Bd7 e4 30. Rd5 a6 31. Qb2 Be5 32. Qa3 b4 33. cxb4 c3 34.
Qb3 a5 35. b5 Qb6 36. Rxe5 1-0

[Event "XXVIII Festival A"]
[Site "Arco ITA"]
[Date "2006.10.22"]
[Round "2"]
[White "Knors, Rudi"]
[Black "De Santis, Alessio"]
[Result "0-1"]
[WhiteElo "2071"]
[BlackElo "2337"]
[PlyCount "66"]
[EventDate "2006.10.21"]

1. d4 Nf6 2. Nf3 c5 3. d5 d6 4. c4 g6 5. g3 Bg7 6. Bg2 b5 7. O-O O-O 8. cxb5 a6
9. bxa6 Bxa6 10. Nc3 Nbd7 11. Rb1 Qc7 12. b3 Rfb8 13. a4 Ng4 14. Qc2 Rb7 15. h3
Nge5 16. Nd2 f5 17. Ba3 Rab8 18. Rfc1 Nf6 19. f4 Nf7 20. Kh2 Nh5 21. Bf3 Nf6
22. Na2 Qb6 23. Nc4 Bxc4 24. Qxc4 Qa5 25. Nc3 Nd7 26. Nd1 Qd2 27. b4 Bd4 28. b5
Nfe5 29. fxe5 Nxe5 30. Qb3 Qe1 31. h4 Ng4+ 32. Bxg4 Qg1+ 33. Kh3 Qh1# 0-1

[Event "XXVIII Festival A"]
[Site "Arco ITA"]
[Date "2006.10.22"]
[Round "2"]
[White "Kranebitter, Gerhard"]
[Black "Isonzo, David"]
[Result "0-1"]
[WhiteElo "2091"]
[BlackElo "2345"]
[PlyCount "70"]
[EventDate "2006.10.21"]

1. e4 c5 2. c3 Nf6 3. e5 Nd5 4. Nf3 Nc6 5. d4 cxd4 6. cxd4 d6 7. Bc4 Nb6 8. Bb5
Bd7 9. exd6 exd6 10. O-O Be7 11. Nc3 O-O 12. Bf4 Bg4 13. Bxc6 bxc6 14. d5 c5
15. h3 Bh5 16. g4 Bg6 17. Rc1 Qd7 18. Kg2 Bf6 19. g5 Bxc3 20. bxc3 Be4 21. c4
f6 22. g6 hxg6 23. Kg3 g5 24. Be3 Qf5 25. Nd2 Rfe8 26. Qg4 Qh7 27. Qd1 Qh4+ 28.
Kh2 f5 29. Rg1 f4 30. Rg4 Qh6 31. Nxe4 Rxe4 32. Qd3 Rae8 33. Bd2 Rd4 34. Qc3
Nxc4 35. Be1 Ne5 0-1

[Event "XXVIII Festival A"]
[Site "Arco ITA"]
[Date "2006.10.22"]
[Round "2"]
[White "Luciani, Carlo"]
[Black "Burani, Eugenio"]
[Result "1-0"]
[WhiteElo "2236"]
[BlackElo "2023"]
[PlyCount "135"]
[EventDate "2006.10.21"]

1. e4 c5 2. Nf3 Nf6 3. e5 Nd5 4. Nc3 e6 5. Nxd5 exd5 6. d4 Nc6 7. c3 d6 8. Bb5
Be7 9. O-O O-O 10. exd6 Qxd6 11. dxc5 Qxc5 12. Qa4 Be6 13. Be3 Qd6 14. Bf4 Qc5
15. Rfe1 Bf6 16. Bg5 Bxg5 17. Nxg5 h6 18. Nf3 a6 19. Bxc6 bxc6 20. Nd4 Bd7 21.
Nb3 Qd6 22. Qa5 Rfb8 23. Qc5 Qg6 24. f3 Re8 25. Qf2 Rxe1+ 26. Rxe1 Re8 27.
Rxe8+ Bxe8 28. Qe2 Qb1+ 29. Kf2 Kf8 30. a3 c5 31. Nxc5 Bb5 32. Qd2 Qf1+ 33. Kg3
Qb1 34. b4 Qg6+ 35. Kf2 Qf5 36. a4 Bc4 37. h3 Kg8 38. Qe3 Qc2+ 39. Kg1 Qb1+ 40.
Kh2 Qg6 41. Qe8+ Kh7 42. Qe5 Bf1 43. Qg3 Qc2 44. f4 Qd2 45. Qf3 Bxg2 46. Qxg2
Qxf4+ 47. Qg3 Qd2+ 48. Kg1 Qd1+ 49. Kf2 Qd2+ 50. Kf1 Qd1+ 51. Qe1 Qf3+ 52. Kg1
Qxh3 53. Qb1+ Kg8 54. Qd3 Qg4+ 55. Kf2 Qf4+ 56. Ke2 g5 57. Qxd5 Qg4+ 58. Kd2
Qf4+ 59. Kc2 g4 60. Nd3 Qf1 61. Qe5 Qg2+ 62. Kb3 Qf3 63. Nf4 Kf8 64. Qf6 Ke8
65. Qe5+ Kd7 66. Nd5 g3 67. Qe7+ Kc6 68. Qc7+ 1-0

[Event "XXVIII Festival A"]
[Site "Arco ITA"]
[Date "2006.10.22"]
[Round "2"]
[White "Ludovici, Roberto"]
[Black "Weinberg, Emanuele"]
[Result "1/2-1/2"]
[WhiteElo "1774"]
[BlackElo "1956"]
[PlyCount "209"]
[EventDate "2006.10.21"]

1. e4 Nf6 2. e5 Nd5 3. d4 d6 4. Nf3 Bg4 5. Be2 g6 6. h3 Bxf3 7. Bxf3 dxe5 8.
dxe5 c6 9. O-O e6 10. Qe2 Bg7 11. Rd1 Qc7 12. c4 Ne7 13. Bf4 Nd7 14. Re1 Nf5
15. Be4 Bxe5 16. Bxe5 Qxe5 17. Nc3 O-O 18. Qd1 Qc7 19. g3 Nd6 20. Bd3 Nc5 21.
Bf1 Rad8 22. Qf3 Nf5 23. Rad1 e5 24. b4 Ne6 25. Qe4 Ned4 26. Bg2 Rfe8 27. g4
Nh4 28. Bh1 f5 29. gxf5 Nhxf5 30. Qb1 Qf7 31. Ne4 Nh4 32. Re3 Nhf3+ 33. Kf1 Rf8
34. c5 Ng5 35. Qb2 Nxe4 36. Bxe4 Nf5 37. Red3 Rxd3 38. Rxd3 Nd4 39. a4 Qf4 40.
Bg2 Qf5 41. Rd2 Kg7 42. b5 cxb5 43. axb5 Qe6 44. Qc3 Nxb5 45. Qb4 Nd4 46. Qxb7+
Rf7 47. Qe4 Qc4+ 48. Ke1 Qxc5 49. Qb1 Qc3 50. Kd1 Qb3+ 51. Qxb3 Nxb3 52. Re2
Re7 53. f4 Kf6 54. fxe5+ Rxe5 55. Rb2 Nc5 56. Ra2 Re7 57. Rc2 Ne6 58. Rc6 Ke5
59. Kd2 Nf4 60. Bf1 Kd5 61. Ra6 Ne6 62. Bg2+ Ke5 63. Ra5+ Kd4 64. Rd5+ Kc4 65.
Rd3 Kb4 66. Re3 Rd7+ 67. Kc2 Nd4+ 68. Kb2 Nf5 69. Rb3+ Kc5 70. Rc3+ Kb6 71. Ka3
a5 72. Rc6+ Kb5 73. Rc3 Nd4 74. Bf1+ Kb6 75. Ka4 Rf7 76. Rc1 Nc6 77. Bg2 Nb4
78. Rd1 Rf2 79. Be4 Rh2 80. Rh1 Rxh1 81. Bxh1 Nc6 82. Kb3 Kb5 83. Bd5 h5 84.
Bf7 Ne5 85. Be8+ Kc5 86. Kc3 Kd6 87. Kd4 Ke7 88. Ba4 Kf6 89. Ke4 Nc4 90. Kd4
Nb2 91. Be8 Ke7 92. Bxg6 h4 93. Bc2 a4 94. Kc3 a3 95. Kb3 Nc4 96. Bd3 Ne5 97.
Bf5 Kf6 98. Bc8 Nc4 99. Ba6 Ne3 100. Kxa3 Kg5 101. Kb3 Kf4 102. Kc3 Kg3 103.
Bc8 Ng2 104. Kd3 Nf4+ 105. Ke3 1/2-1/2

[Event "XXVIII Festival A"]
[Site "Arco ITA"]
[Date "2006.10.22"]
[Round "2"]
[White "Lupini, Stefano"]
[Black "Trauth, Michael"]
[Result "1/2-1/2"]
[WhiteElo "1790"]
[BlackElo "2153"]
[PlyCount "73"]
[EventDate "2006.10.21"]

1. d4 Nf6 2. c4 c5 3. d5 b5 4. cxb5 a6 5. bxa6 g6 6. Nc3 Bxa6 7. Nf3 d6 8. g3
Nbd7 9. Bg2 Nb6 10. b3 Bg7 11. Rb1 Bb7 12. Nh4 O-O 13. O-O Ra7 14. e4 Nfd7 15.
Qc2 e6 16. Nb5 Ra5 17. Nxd6 Ba6 18. Nc4 Bxc4 19. bxc4 Ra4 20. dxe6 fxe6 21. Be3
Qa8 22. Qd3 Qc6 23. e5 Qc7 24. f4 Nxc4 25. Rb7 Ndxe5 26. fxe5 Qxe5 27. Rxf8+
Bxf8 28. Bf4 Qe1+ 29. Bf1 Rxa2 30. Qf3 g5 31. Bd2 Ne5 32. Qxf8+ Kxf8 33. Bxe1
gxh4 34. Bg2 Ra1 35. Rxh7 Rxe1+ 36. Kf2 Nd3+ 37. Kf3 1/2-1/2

[Event "XXVIII Festival A"]
[Site "Arco ITA"]
[Date "2006.10.22"]
[Round "2"]
[White "Marson, Antonio"]
[Black "Perryman, Marcus"]
[Result "1/2-1/2"]
[WhiteElo "1864"]
[BlackElo "1990"]
[PlyCount "40"]
[EventDate "2006.10.21"]

1. d4 d5 2. Bf4 c5 3. e3 Nf6 4. Nf3 Nc6 5. c3 e6 6. Nbd2 Be7 7. h3 O-O 8. Bd3
Bd7 9. Ne5 Rc8 10. O-O cxd4 11. exd4 Nxe5 12. dxe5 Ne8 13. Be3 g6 14. Qg4 f5
15. Qe2 Ng7 16. f4 Nh5 17. Rf3 Bc6 18. Bd4 Bh4 19. Nf1 b6 20. g3 Be7 1/2-1/2

[Event "XXVIII Festival A"]
[Site "Arco ITA"]
[Date "2006.10.22"]
[Round "2"]
[White "Mercandelli, Claudio"]
[Black "Schaefer, Michael"]
[Result "0-1"]
[WhiteElo "2020"]
[BlackElo "2199"]
[PlyCount "94"]
[EventDate "2006.10.21"]

1. d4 f5 2. e4 fxe4 3. Nc3 Nf6 4. Bg5 Nc6 5. d5 Ne5 6. Qd4 Nf7 7. h4 e5 8. dxe6
dxe6 9. Qxd8+ Nxd8 10. O-O-O Be7 11. Nb5 Bd6 12. Nxd6+ cxd6 13. Rxd6 Nf7 14.
Bb5+ Ke7 15. Rd4 Nd6 16. Be2 e5 17. Rd1 Bf5 18. f4 exf3 19. Nxf3 Rhc8 20. Ne1
h6 21. Bxf6+ gxf6 22. g4 Be6 23. Kb1 Ne4 24. Rh2 Rd8 25. Rxd8 Rxd8 26. Rg2 Rg8
27. a3 Nd6 28. Nd3 b6 29. g5 hxg5 30. hxg5 Rxg5 31. Rxg5 fxg5 32. Nxe5 Kf6 33.
Ng4+ Kf5 34. Nh6+ Kf4 35. Kc1 g4 36. Nxg4 Bxg4 37. Bxg4 Kxg4 38. Kd2 Kf4 39.
Kd3 Ke5 40. c4 Nb7 41. b4 a6 42. a4 a5 43. Kc3 Ke4 44. c5 bxc5 45. bxc5 Kd5 46.
c6 Kxc6 47. Kc4 Kb6 0-1

[Event "XXVIII Festival A"]
[Site "Arco ITA"]
[Date "2006.10.22"]
[Round "2"]
[White "Mihajlova, Diana"]
[Black "La Manna, Andrea"]
[Result "0-1"]
[WhiteElo "1749"]
[BlackElo "1931"]
[PlyCount "68"]
[EventDate "2006.10.21"]

1. e4 d6 2. d4 Nf6 3. Nc3 c6 4. Nf3 Bg4 5. h3 Bh5 6. Qd3 e6 7. Bd2 d5 8. e5
Nfd7 9. Be2 Bg6 10. Qe3 c5 11. Nb5 Nc6 12. Nd6+ Bxd6 13. exd6 cxd4 14. Nxd4 e5
15. Nxc6 bxc6 16. c3 O-O 17. O-O Qb8 18. f4 f6 19. f5 Bf7 20. Qg3 Kh8 21. b4
Qxd6 22. Be3 c5 23. Rab1 Rab8 24. Rf3 d4 25. Qg4 dxe3 26. Rd1 Qe7 27. Rg3 Rg8
28. a3 Nb6 29. Rxe3 Nd5 30. Red3 Rbd8 31. Bf3 Nf4 32. Rxd8 Rxd8 33. Rxd8+ Qxd8
34. g3 Bh5 0-1

[Event "XXVIII Festival A"]
[Site "Arco ITA"]
[Date "2006.10.22"]
[Round "2"]
[White "Moro, Roberto"]
[Black "Becker, Jonas"]
[Result "0-1"]
[WhiteElo "1670"]
[BlackElo "1922"]
[PlyCount "50"]
[EventDate "2006.10.21"]

1. e4 e6 2. Nf3 d5 3. e5 c5 4. b4 cxb4 5. a3 Nc6 6. d4 bxa3 7. c3 a6 8. Bd3 b5
9. Nxa3 Bb7 10. Bd2 Nge7 11. O-O Nc8 12. h3 Be7 13. Nh2 Nb6 14. Nc2 Qc7 15. f4
O-O-O 16. Nb4 Nxb4 17. cxb4 Kb8 18. f5 Rdf8 19. Ng4 Nc4 20. f6 gxf6 21. Nxf6
Bxf6 22. Rxf6 Qb6 23. Bxc4 Qxd4+ 24. Kh2 dxc4 25. Qg1 Qxd2 0-1

[Event "XXVIII Festival A"]
[Site "Arco ITA"]
[Date "2006.10.22"]
[Round "2"]
[White "Morselli, Stefano"]
[Black "Zucchelli, Massimo"]
[Result "0-1"]
[WhiteElo "1896"]
[BlackElo "2125"]
[PlyCount "58"]
[EventDate "2006.10.21"]

1. Nf3 d5 2. c4 e6 3. g3 Nf6 4. Bg2 c6 5. O-O dxc4 6. Ne5 Qd4 7. Nf3 Qd8 8. Qc2
b5 9. a4 Bb7 10. Rd1 Na6 11. d3 Nb4 12. Qc3 cxd3 13. exd3 Nfd5 14. Qd2 Be7 15.
Nc3 a6 16. b3 Nxc3 17. Qxc3 Nd5 18. Qd2 c5 19. Bb2 O-O 20. Ne5 f6 21. Ng4 e5
22. Re1 Qd7 23. Qe2 Bd6 24. Rad1 Rad8 25. Bh3 Qc6 26. Bg2 Nf4 27. Bxc6 Nxe2+
28. Rxe2 Bxc6 29. axb5 Bf3 0-1